Statistics for Science ability Quiz #2

Click here to take the quiz!

General Stats

  • This quiz has been taken 73 times
  • The average score is 6 of 12

Answer Stats

HintAnswer% Correct
Among the various allotropes of carbon,_____is the hardestdiamond
91%
The element common to all acids ishydrogen
80%
Which of the inert gas was to be discovered first in the chromospheres of the sun?Helium
62%
Soda water contains(a greenhouse gas)carbon dioxide
58%
Among the various allotropes of carbon,_____is the softestgraphite
58%
Non stick cooking utensils are coated withTeflon
58%
Galvanised iron sheets have a coating ofzinc
55%
Bauxite is an ore ofaluminium
52%
Heavy water is______oxidedeuterium
23%
Permanent hardness of water may be removed by the addition ofsodium carbonate
12%
Most soluble in water issugar
12%
Monazite is an ore oftitanium
5%

Score Distribution

Percentile by Number Answered

Percent of People with Each Score

Your Score History

You have not taken this quiz